| 000 | 01373nam a2200337 a 4500 | ||
|---|---|---|---|
| 001 | ebr10273124 | ||
| 003 | CaPaEBR | ||
| 006 | m u | ||
| 007 | cr cn||||||||| | ||
| 008 | 020515s2003 enka sb 001 0 eng | ||
| 010 | _z 2002071520 | ||
| 020 | _z0195154258 (cloth : alk. paper) | ||
| 020 | _z0195154266 (paper : alk. paper) | ||
| 040 |
_aCaPaEBR _cCaPaEBR |
||
| 035 | _a(OCoLC)252622807 | ||
| 043 | _aa-ii--- | ||
| 050 | 1 | 4 |
_aDS485.R24 _bH38 2003eb |
| 082 | 0 | 4 |
_a306/.0954/4 _221 |
| 100 | 1 | _aHarlan, Lindsey. | |
| 245 | 1 | 4 |
_aThe goddesses' henchmen _h[electronic resource] : _bgender in Indian hero worship / _cLindsey Harlan. |
| 260 |
_aOxford ; _aNew York : _bOxford University Press, _c2003. |
||
| 300 |
_axiv, 258 p. : _bill. |
||
| 504 | _aIncludes bibliographical references (p. [231]-246) and index. | ||
| 533 |
_aElectronic reproduction. _bPalo Alto, Calif. : _cebrary, _d2013. _nAvailable via World Wide Web. _nAccess may be limited to ebrary affiliated libraries. |
||
| 650 | 0 |
_aHero worship _zIndia _zRajasthan. |
|
| 650 | 0 |
_aNationalism _zIndia _zRajasthan _xReligious aspects. |
|
| 651 | 0 |
_aRajasthan (India) _xSocial life and customs. |
|
| 655 | 7 |
_aElectronic books. _2local |
|
| 710 | 2 | _aebrary, Inc. | |
| 856 | 4 | 0 |
_uhttp://site.ebrary.com/lib/rucke/Doc?id=10273124 _zAn electronic book accessible through the World Wide Web; click to view |
| 999 |
_c21581 _d21581 |
||